| 000 | 00998nam a2200241Ia 4500 | ||
|---|---|---|---|
| 003 | GCL | ||
| 008 | 140319s9999 xx 000 0 ara d | ||
| 020 | _a9133110977 | ||
| 040 |
_aGCL / _cGCL |
||
| 082 | 0 | 4 |
_a213 _bب ج |
| 100 | 1 | _aبدوى محمود الشيخ | |
| 245 | 1 | 0 |
_aالجودة الشاملة فى العمل الاسلامى : _bدراسة تبحث فى جودة الفرد والمؤسسة مع تطبيقات فى مجال الدعوة والاعلام / _cبدوى محمود الشيخ |
| 250 | _aالاولى | ||
| 260 |
_aالقاهرة : _bدار الفكر العربى ، _c2000 |
||
| 300 |
_a216 ص ؛ _c24 سم |
||
| 650 | 0 | 4 | _aالاخلاق الاسلامية |
| 650 | 0 | 4 | _aالاسلام والمجتمع |
| 650 | 0 | 4 | _aالاسلام والاصلاح الاجتماعى |
| 650 | 0 | 4 | _aالاسلام والاصلاح الاقتصادى |
| 650 | 0 | 4 | _aالاسلام - مبادىء عامة |
| 650 | 0 | 4 | _aالاسلام - ضبط الجودة |
| 942 |
_2ddc _cBK |
||
| 999 |
_c9633 _d9633 |
||